Central Library OPAC University of Rajshahi

The new politics of unemployment : (Record no. 58488)

MARC details
000 -LEADER
fixed length control field 01076nam a2200289 a 4500
001 - CONTROL NUMBER
control field 58488
003 - CONTROL NUMBER IDENTIFIER
rucl marc code BD-RjUL
005 - DATE AND TIME OF LATEST TRANSACTION
control field 20211209080628.0
008 - FIXED-LENGTH DATA ELEMENTS--GENERAL INFORMATION
fixed length control field 161218s1997 enka b 001 0 eng
020 ## - INTERNATIONAL STANDARD BOOK NUMBER
International Standard Book Number 041515054X (alk. paper)
International Standard Book Number 0415150558 (pbk. : alk. paper)
035 ## - SYSTEM CONTROL NUMBER
System control number (BD-RjUL)58612
040 ## - CATALOGING SOURCE
Original cataloging agency DLC
Transcribing agency DLC
Modifying agency DLC
Language of cataloging eng
041 ## - LANGUAGE CODE
Language code of text/sound track or separate title eng
082 00 - DEWEY DECIMAL CLASSIFICATION NUMBER
Classification number 331.13794
Edition number 23
Author mark and year NEW 1997
245 04 - TITLE STATEMENT
Title The new politics of unemployment :
Remainder of title radical policy initiatives in Western Europe /
Statement of responsibility, etc. edited by Hugh Compston.
260 ## - PUBLICATION, DISTRIBUTION, ETC. (IMPRINT)
Place of publication, distribution, etc. London ;
-- New York :
Name of publisher, distributor, etc. Routledge,
Date of publication, distribution, etc. 1997.
300 ## - PHYSICAL DESCRIPTION
Pagination xii, 222 p. :
Illustrations ill. ;
Size 24 cm.
504 ## - BIBLIOGRAPHY, ETC. NOTE
Bibliography, etc Includes bibliographical references and index.
650 #0 - SUBJECT ADDED ENTRY--TOPICAL TERM
Topical term or geographic name as entry element Full employment policies
Geographic subdivision Europe
General subdivision Case studies.
9 (RLIN) 173716
Topical term or geographic name as entry element Unemployment
Geographic subdivision Europe
General subdivision Case studies.
9 (RLIN) 173717
700 1# - ADDED ENTRY--PERSONAL NAME
Personal name Compston, Hugh,
Dates associated with a name 1955-
856 42 - ELECTRONIC LOCATION AND ACCESS
Materials specified Publisher description
Uniform Resource Identifier <a href="http://www.loc.gov/catdir/enhancements/fy0649/96026288-d.html">http://www.loc.gov/catdir/enhancements/fy0649/96026288-d.html</a>
942 ## - ADDED ENTRY ELEMENTS (KOHA)
Source of classification or shelving scheme Dewey Decimal Classification
Koha item type Books
Holdings
Lost status Source of classification or shelving scheme Damaged status Not for loan Collection code Permanent Location Current Location Shelving location Date acquired Source of acquisition Cost, normal purchase price Total Checkouts Full call number Date last seen Copy number Koha item type
  Dewey Decimal Classification   Not For Loan Non-fiction Central Library, University of Rajshahi Central Library, University of Rajshahi Reading Room 09/02/2008 Paragogn Enterprise, Dhaka 23.74   331.13794 NEW 1997 18/12/2016 C-1 Books